000 00764 a2200265 4500
502 _aThèse de Doctorat
260 _aWageningen
653 1 _aAgronomie
100 _aBAK, Frank de
041 _bEn
260 _bUniversité de Wageningen
300 _a118 p.
245 _aBiochelistry and physiology of syntrophic propinate-oxidizing microbial consortia
650 _aPROPIONATE-OXIDIZING
650 _aMICROBIAL CONSORTIA
260 _c22 Février 2002
300 _bIll., Couv. ill. ; 24 cm
130 _lEn
040 _aSupport
041 _bEn
653 1 _aNutrition et Sciences Alimentaires
100 _uAbomey-Calavi, Université d'Abomey-Calavi, Faculté des Sciences Agronomiques, Bj
020 _a90-5808-572-4
999 _c31843
_d31843